00970 2200325 4500001002100000005001500021035002000036007000300056040001700059100003600076245011600112250001200228300003700240041000800277082001000285084001600295090002200311264004100333336002100374337003000395338002300425650001400448850001000462008004100472700003700513700003600550504002400586990001700610990001700627INLIS00000000000640620260416012453 a0010-0422000011ta aSBPUPADbind0 aTadkiroatun MusfirohePengarang1 aMenumbuhkembangkan Baca Tulis Anak Usia Dini /cTadkiroatun Musfiroh;Editor,Niken Suryatmi;Ilusrator,Arif Anwar a.-cet.1 axvi, 164 hal. :billus. ;c21 cm0 aind a400.8 a400.8 TAD m a808.83 SYA d-19.3 a.--Jakarta :bKompas Gramedia,c2009 2rdacontentaTeks 2rdamediaaTanpa Perantara 2rdacarrieravolume 4aAnak Anak aPUPAD260416 0 0 aEditor,Niken SuryatmiePengarang0 aIlusrator,Arif AnwarePengarang aBibliografi,Hlm 160 a12945/H/2010 a12944/H/2010